000 00281nam a2200121Ia 4500
008 220204s9999 xx 000 0 und d
082 _a546.48
_bFRI
100 _aFriberg, Lars
245 0 _aCadmium in the environment
250 _aEd.2
260 _aOhio
_bCRC
_c1976
942 _cBK
999 _c31243
_d31243